MAASAI MARA UNIVERSITY

LIBRARY CATALOGUE

Contact Us: +254 020 2685356/7 or 0774 057787

Box: 861-20500, NAROK, KENYA

Email: info@mmarau.ac.ke

Competition & Competitor Analysis/ (Record no. 30727)

MARC details
000 -LEADER
fixed length control field 00399nam a22001457a 4500
003 - CONTROL NUMBER IDENTIFIER
control field OSt
005 - DATE AND TIME OF LATEST TRANSACTION
control field 20180627033332.0
008 - FIXED-LENGTH DATA ELEMENTS--GENERAL INFORMATION
fixed length control field 180627b ||||| |||| 00| 0 eng d
040 ## - CATALOGING SOURCE
Original cataloging agency MMU
Language of cataloging eng
Transcribing agency MMU
Modifying agency MMU
050 ## - LIBRARY OF CONGRESS CALL NUMBER
Classification number G 155 .B463 2015
100 ## - MAIN ENTRY--PERSONAL NAME
Personal name Bendle Neil
245 ## - TITLE STATEMENT
Title Competition & Competitor Analysis/
Statement of responsibility, etc. Neil Bendle.
260 ## - PUBLICATION, DISTRIBUTION, ETC. (IMPRINT)
Place of publication, distribution, etc. Canada:
Name of publisher, distributor, etc. Ivey Business School;
Date of publication, distribution, etc. 2015.
942 ## - ADDED ENTRY ELEMENTS (KOHA)
Source of classification or shelving scheme Library of Congress Classification
Koha item type L
Holdings
Withdrawn status Lost status Source of classification or shelving scheme Damaged status Not for loan Home library Current library Date acquired Source of acquisition Total Checkouts Full call number Barcode Date last seen Price effective from Koha item type
    Library of Congress Classification     Maasai Mara University Library -Main Campus Maasai Mara University Library -Main Campus 06/27/2018 Donation -T4C   G 155 .B463 2015 17036017 06/27/2018 06/27/2018 L
© 2016 Maasai Mara University.